<?xml version="1.0" encoding="UTF-8"?>
<record
    xmlns:xsi="http://www.w3.org/2001/XMLSchema-instance"
    xsi:schemaLocation="http://www.loc.gov/MARC21/slim http://www.loc.gov/standards/marcxml/schema/MARC21slim.xsd"
    xmlns="http://www.loc.gov/MARC21/slim">

  <leader>02897nam a2200301 i 4500</leader>
  <controlfield tag="001">991061308315506706</controlfield>
  <controlfield tag="005">20250619133648.0</controlfield>
  <controlfield tag="008">250402e202410  spca|||  |||| 0|1 0 spa| </controlfield>
  <datafield tag="015" ind1=" " ind2=" ">
    <subfield code="a">LL2025</subfield>
    <subfield code="2">bnc</subfield>
  </datafield>
  <datafield tag="017" ind1=" " ind2=" ">
    <subfield code="a">DL B 16975-2024</subfield>
    <subfield code="b">Biblioteca de Catalunya</subfield>
  </datafield>
  <datafield tag="020" ind1=" " ind2=" ">
    <subfield code="a">9788482987712</subfield>
  </datafield>
  <datafield tag="040" ind1=" " ind2=" ">
    <subfield code="a">ES-BaBC</subfield>
    <subfield code="b">cat</subfield>
    <subfield code="e">rda</subfield>
    <subfield code="c">ES-BaBC</subfield>
  </datafield>
  <datafield tag="041" ind1="1" ind2=" ">
    <subfield code="a">Spanish</subfield>
    <subfield code="h">English</subfield>
  </datafield>
  <datafield tag="100" ind1=" " ind2=" ">
    <subfield code="a">Engelhaupt, Erika,</subfield>
    <subfield code="e">author</subfield>
    <subfield code="9">25536</subfield>
  </datafield>
  <datafield tag="240" ind1="1" ind2="0">
    <subfield code="a">Gory details.</subfield>
    <subfield code="l">Spanish</subfield>
  </datafield>
  <datafield tag="245" ind1="1" ind2="0">
    <subfield code="a">Detalles macabros </subfield>
    <subfield code="b">: historias del lado oscuro de la ciencia </subfield>
    <subfield code="c">/ Erika Engelhaupt ; traducci&#xF3;n de Ricardo Garc&#xED;a Herrero</subfield>
  </datafield>
  <datafield tag="250" ind1=" " ind2=" ">
    <subfield code="a">First edition</subfield>
  </datafield>
  <datafield tag="264" ind1=" " ind2="1">
    <subfield code="a">[Barcelona] :</subfield>
    <subfield code="b">National Geographic,</subfield>
    <subfield code="c">2024</subfield>
  </datafield>
  <datafield tag="300" ind1=" " ind2=" ">
    <subfield code="a">333 pages:</subfield>
    <subfield code="b">illustrations;</subfield>
    <subfield code="c">22 cm</subfield>
  </datafield>
  <datafield tag="504" ind1=" " ind2=" ">
    <subfield code="a">&#xCD;ndex</subfield>
  </datafield>
  <datafield tag="520" ind1=" " ind2=" ">
    <subfield code="a">Packed with mind-bending facts, this wickedly entertaining narrative from the author of National Geographic&#x2019;s popular Gory Details blog takes readers on a riveting journey through the bizarre and fascinating corners of science. Blending sharp humour with solid journalism in the spirit of Mary Roach, acclaimed science writer Erika Engelhaupt delves into the strange, the gross, and the downright absurd mysteries of our bodies and the universe around us. From a biologist who stung himself with nearly every insect imaginable to an investigation of the world&#x2019;s most lethal mammals, this book uncovers the overlooked but irresistibly curious side of biology, anatomy, space exploration, and nature. Featuring interviews with leading scientists and served with a generous helping of wit, this provocative and enlightening read showcases the unexpected wonders of science in all their messy, marvellous glory.</subfield>
  </datafield>
  <datafield tag="520" ind1=" " ind2=" ">
    <subfield code="a">Repleto de datos que desaf&#xED;an la mente, este relato tan entretenido como irreverente &#x2014;obra de la autora del popular blog Gory Details de National Geographic&#x2014; nos lleva a un fascinante viaje por los rincones m&#xE1;s extra&#xF1;os y sorprendentes de la ciencia. Combinando un agudo sentido del humor con un periodismo riguroso al estilo de Mary Roach, la reconocida divulgadora cient&#xED;fica Erika Engelhaupt se sumerge en los misterios m&#xE1;s ins&#xF3;litos, escabrosos y absurdos de nuestro cuerpo y del universo que nos rodea. Desde un bi&#xF3;logo que se dej&#xF3; picar por casi todos los insectos imaginables hasta una investigaci&#xF3;n sobre los mam&#xED;feros m&#xE1;s letales del planeta, este libro revela el lado m&#xE1;s curioso &#x2014;y a menudo ignorado&#x2014; de la biolog&#xED;a, la anatom&#xED;a, la exploraci&#xF3;n espacial y la naturaleza. Con entrevistas a destacados investigadores y una generosa dosis de ingenio, esta lectura provocadora y reveladora celebra las maravillas inesperadas de la ciencia en todo su glorioso &#x2014;y ca&#xF3;tico&#x2014; esplendor.</subfield>
  </datafield>
  <datafield tag="650" ind1=" " ind2="0">
    <subfield code="a">Life sciences</subfield>
    <subfield code="9">7317</subfield>
  </datafield>
  <datafield tag="650" ind1=" " ind2="0">
    <subfield code="a">Medicine</subfield>
    <subfield code="9">25537</subfield>
  </datafield>
  <datafield tag="653" ind1=" " ind2=" ">
    <subfield code="a">Curiosities and enigmas</subfield>
  </datafield>
  <datafield tag="700" ind1=" " ind2=" ">
    <subfield code="a">Garc&#xED;a Herrero, Ricardo,</subfield>
    <subfield code="e">translator</subfield>
    <subfield code="9">25538</subfield>
  </datafield>
  <datafield tag="942" ind1=" " ind2=" ">
    <subfield code="2">lcc</subfield>
  </datafield>
  <datafield tag="952" ind1=" " ind2=" ">
    <subfield code="0">0</subfield>
    <subfield code="1">0</subfield>
    <subfield code="2">lcc</subfield>
    <subfield code="4">0</subfield>
    <subfield code="7">0</subfield>
    <subfield code="a">TBS</subfield>
    <subfield code="b">TBS</subfield>
    <subfield code="d">2025-06-19</subfield>
    <subfield code="l">0</subfield>
    <subfield code="o">Q173 ENG</subfield>
    <subfield code="p">B06007</subfield>
    <subfield code="r">2025-06-19</subfield>
    <subfield code="t">1</subfield>
    <subfield code="w">2025-06-19</subfield>
    <subfield code="y">1</subfield>
  </datafield>
  <datafield tag="999" ind1=" " ind2=" ">
    <subfield code="c">4777</subfield>
    <subfield code="d">4777</subfield>
  </datafield>
</record>
